000 01009nam a22003137a 4500
999 _c16866
_d16866
003 AR-CdUCM
008 190506b ||||| |||| 00| 0 spa d
040 _aMUNICIPALIDAD PROVINCIAL DEL CUSCO
_cBIBLIOTECA MUNICIPAL DEL CUSCO
082 _a320 /
_bAG283
100 _aAguilar Navarro
_936569
245 _aComentarios universitarios a la pacem in terris /
260 _aMadrid :
_bTecnos,
_c1964.
300 _a461 páginas ;
_c20 cm.
505 _aContenido: Texto bilingue de la enciclica -- Comentario a la Pacem in Terris.
650 _aPolitica
_9291
650 _aCiencias sociales
_91096
650 _aIncíclica
_936570
700 _aGarcia, Alonso
_936571
700 _aBernardez Canton
_936572
700 _aCarrillo
_936573
700 _aGimenez Fernandez
_936574
700 _aJimenez de Parga
_936575
700 _aLissarrague
_936576
700 _aLucas Verdu
_936577
700 _aMaravall
_936578
700 _aTruyol
_936579
942 _2ddc
_cLIBROS
945 _adavv
_d06/05/2019